[Event "FISU World University-ch 2020-KO"]
[Site "Online"]
[Date "2020.10.26"]
[Round "1"]
[White "Martirosyan, Haik M."]
[Black "Tomaszewski, Kacper"]
[Result "1-0"]
[WhiteElo "2622"]
[BlackElo "2320"]
[Annotator "TA"]
[PlyCount "79"]
[EventDate "2020.10.26"]
[EventType "team-tourn"]
[SourceTitle "playchess.com"]
[Source "ChessBase"]
[SourceQuality "1"]

{[%evp 14,78,0,0,0,0,7,2,2,0,33,6,16,14,18,3,4,6,17,21,53,74,59,41,37,35,35,30,27,0,29,31,29,8,29,15,23,38,30,22,42,29,29,29,197,113,114,105,231,245,484,468,468,482,917,901,781,699,693,513,29995,29996,29996,29997,29999,29999,29999]} 1. d4 Nf6 2. Nf3 g6 3. Nc3 d5 4. Bf4 c6 5. e3 Bg7 6. h3 Nbd7 7. Be2 O-O 8. O-O b6 {D00: 1 d4 d5: Unusual lines.} 9. a4 a5 10. Bd3 Bb7 {[#] The position is equal.} 11. Qe2 $146 ({Predecessor:} 11. Re1 Rc8 12. Qe2 c5 13. Bb5 Ne8 14. Rad1 Nc7 15. Ne5 Nxe5 16. dxe5 Ra8 17. Qg4 Nxb5 18. axb5 {½-½ (45) Dailido,S (2332)-Ulasevich,S (2427) ICCF email 2014}) 11... c5 12. Bb5 Qc8 13. Rfd1 Rd8 14. Ne5 Nxe5 15. dxe5 Nh5 $1 16. Bh2 $1 {White wants to play g4.} Bf8 17. e4 {[%cal Rc3d5]} e6 18. exd5 exd5 19. Qf3 {[%cal Rc3d5]} Qe6 20. g4 Ng7 21. Bf1 Ne8 22. Bg2 {[%cal Rc3d5]} Nc7 23. Qg3 Kh8 24. f4 f5 25. exf6 Qxf6 26. Qf2 Rac8 27. Re1 Bd6 28. Rad1 c4 $2 (28... Rf8 $11 {and Black stays safe.}) 29. Kh1 ({Wrong is} 29. Nxd5 $2 Nxd5 30. f5 gxf5 $19) ({White should play} 29. Qxb6 $18 Ba8 30. Kh1 (30. Qxa5 Qf8 $16) (30. Bxd5 $2 Bxd5 31. Kf1 Rb8 $19)) 29... Bc5 $16 30. Qd2 Re8 (30... Bd6 $16 {is a better defense.}) 31. f5 $1 $18 {Black must now prevent Bxc7.} ({Stronger than} 31. Nxd5 Nxd5 32. Bxd5 c3 $11) 31... Bc6 $2 {[#]} (31... Qg7 32. fxg6 (32. Nxd5 Nxd5 33. Bxd5 Rcd8 $11) 32... hxg6) 32. Rxe8+ $1 Nxe8 33. Nxd5 Qxb2 (33... Qf7 $142 34. Be5+ Ng7) 34. Qe1 {Strongly threatening Be5+.} Bd6 35. Bxd6 Nxd6 36. Qe7 {White threatens Nf6 and mate.} Nb7 (36... Bxd5 $18 37. Bxd5 gxf5 38. Qxd6 Qc3) 37. Nf6 {[%csl Gf6][%cal Re7h7] White mates.} Bxg2+ 38. Kg1 {[%csl Gf6][%cal Re7h7]} Rc7 {[#]} 39. Rd8+ $1 {[%mdl 576] Back Rank} Nxd8 40. Qf8# {Av CentiPawn Loss W=-15/B=-62. Weighted=-16/-86} 1-0

[Event "FISU World University-ch 2020-KO"]
[Site "Online"]
[Date "2020.10.26"]
[Round "1"]
[White "Harutyunian, Tigran K."]
[Black "Dzierzak, Radoslaw"]
[Result "1-0"]
[WhiteElo "2549"]
[BlackElo "2252"]
[Annotator "TA"]
[PlyCount "79"]
[EventDate "2020.10.26"]
[EventType "team-tourn"]
[SourceTitle "playchess.com"]
[Source "ChessBase"]
[SourceQuality "1"]

{[%evp 25,79,16,20,0,-6,-9,0,-51,-29,-34,-29,-68,37,30,36,36,100,99,122,114,122,132,99,57,54,54,54,57,56,56,56,0,67,20,25,8,8,18,28,20,58,37,66,66,68,63,29995,50,235,235,229,226,435,389,29998,29999]} 1. c4 Nf6 2. Nc3 e6 3. Nf3 d5 4. d4 Bb4 5. g3 O-O 6. Bg2 c5 7. cxd5 cxd4 8. Nxd4 Nxd5 9. Bd2 Nxc3 10. bxc3 Ba5 11. O-O e5 12. Nb3 Bb6 13. c4 Nc6 14. Qc2 {E20: Nimzo-Indian: 4 g3 and 4 f3.} Be6 15. c5 Bc7 {[#]} 16. Be3 $146 (16. Bc3 $11) ({Predecessor:} 16. Rfd1 Qe7 17. Rab1 f5 18. Bc3 Rad8 19. Qb2 e4 20. Rxd8 Rxd8 21. Nd4 Nxd4 22. Bxd4 b6 23. cxb6 Bxb6 24. Bxb6 axb6 25. Qxb6 Bxa2 26. Rc1 Kf7 27. e3 Rd6 {½-½ (27) Ryvova,A (2373)-Tomba,F (2385) ICCF email 2008}) 16... Qe7 17. Rab1 Rad8 18. Nd2 Bb8 ({Black should play} 18... f5 $1 $15 19. Nf3 (19. Rxb7 Na5 $15) 19... f4) 19. Nc4 $14 f5 {[#] With the idea ...f4.} 20. Nd6 $1 $36 {[%mdl 2560] White is more active.} Rd7 (20... Bxd6 $14 21. cxd6 Qf7) 21. Nxb7 $1 $16 {[%mdl 64] Remove Defender} Rxb7 22. Bxc6 Rc7 23. Qa4 f4 24. gxf4 (24. Bd2 {seems wilder.} Qf7 25. Ba5 Re7 26. Be4 Bxa2 27. c6) 24... exf4 25. Bxf4 {Threatens to win with Bd6.} Rxc6 $1 26. Rxb8 Rxc5 {Strongly threatening ...Rg5+!} 27. Rxf8+ Qxf8 28. Rd1 (28. Qxa7 $14 h6 29. Re1) 28... a5 (28... Rc4 $11 29. Qa6 Qf5 30. Rd8+ (30. Qxa7 h5 $11) 30... Kf7 31. Qb7+ Kg6 32. Qg2+ Kf7 33. Qb7+ {[%mdl 64] Double Attack} Kg6 34. Qg2+ Kf7 35. Qb7+ {[%mdl 64] Double Attack}) 29. Bg3 h6 30. h4 {Black must now prevent Bd6.} Qf5 31. a3 Kh7 32. Qf4 Qg6 33. Qe3 Qc2 34. Rd6 Bf5 35. Kh2 Rc3 $2 {[%mdl 8192] [#]} (35... Rc6 $14) 36. Qe7 $2 (36. Rxh6+ $1 {[%mdl 512] mates} gxh6 37. Qe7+ Kg8 38. Qe8+ Kh7 39. Qf7+ Kh8 40. Be5#) 36... Rc7 $2 {[#]} (36... Qb1 $14) 37. Rxh6+ $1 $18 {[%mdl 512]} Kxh6 38. Bxc7 {White threatens Bf4+ and mate.} Qe4 $2 (38... Qd2 39. Be5 Qd7 40. Qg5+ Kh7) 39. Be5 Qxe2 $2 (39... Qg4 $18 40. f3 Qg6) 40. Qxg7+ {Av CentiPawn Loss W=-50/B=-109. Weighted=-110/-166} 1-0

[Event "FISU World University-ch 2020-KO"]
[Site "Online"]
[Date "2020.10.26"]
[Round "1"]
[White "Liu, Yan"]
[Black "Zapata Arbelaez, Estiven"]
[Result "1-0"]
[WhiteElo "2524"]
[BlackElo "2203"]
[Annotator "TA"]
[PlyCount "75"]
[EventDate "2020.10.26"]
[EventType "team-tourn"]
[SourceTitle "playchess.com"]
[Source "ChessBase"]
[SourceQuality "1"]

{[%evp 12,75,25,16,53,51,75,66,62,46,108,8,75,-62,0,-50,109,104,109,99,147,151,226,187,198,183,193,195,191,196,194,181,181,199,233,224,210,0,223,195,234,62,58,40,156,6,6,6,6,6,6,6,6,-130,472,458,29986,29987,29987,29988,29989,29982,29989,29990,29990,29991]} 1. Nf3 d5 2. c4 c6 3. d4 Nf6 4. e3 e6 5. b3 Nbd7 6. Bd3 Bd6 7. Bb2 Qe7 {A06: Réti Opening: 1 Nf3 d5.} 8. Ne5 dxc4 9. Nxc4 {[#]} Bc7 $146 {White is slightly better.} ({Predecessor:} 9... Bb4+ 10. Nbd2 b5 11. Ne5 Bb7 12. a3 Bd6 13. O-O a6 14. Qf3 Nd5 15. e4 N5b6 16. Nxd7 Qxd7 {1-0 (40) Andersson,T (2370)-Stanisz,P (2165) London 2013}) 10. Nbd2 e5 (10... c5 $14) 11. Qc2 (11. Ba3 $16 c5 12. dxc5 Nxc5 13. Ne4) 11... exd4 (11... Nd5 $11) 12. O-O-O (12. Ba3 $16 c5 13. O-O-O) 12... O-O (12... Nc5 $15 13. exd4 Nxd3+ 14. Qxd3 Be6) 13. exd4 b5 $2 {[#]} (13... Qd8 $15 {keeps the upper hand.}) 14. Rhe1 $16 Qd8 15. Ne5 Bb7 16. Kb1 a6 (16... Ba5 $16 {might work better.} 17. Nxc6 Qb6) 17. Ne4 (17. Nxc6 $6 Bxc6 18. Qxc6 Ba5) 17... h6 18. Nxc6 Bxc6 19. Qxc6 Nxe4 20. Bxe4 Rb8 21. d5 Rb6 22. Qc2 ({Don't take} 22. Qc3 Be5 $16) 22... Kh8 23. Bd4 ({Don't play} 23. Qc3 $6 Be5 $16) 23... Rd6 24. Bb2 $2 (24. f4 $18) 24... a5 $2 (24... Rb6 $1 $11 {and Black is okay.}) 25. Bf5 b4 26. Qe2 $2 ({White should try} 26. g4 $18) 26... Nf6 $14 27. Qe3 {Qc1 is the strong threat.} Bb6 (27... Rxd5 $14 28. Bc2 Qe8) 28. Qg3 ({White has to play} 28. Qf4 $16) 28... Rxd5 $11 29. Rxd5 Qxd5 30. Bc2 Qd2 $132 {[%mdl 2048] Black is not keeping still} 31. Rd1 Qxf2 32. Qd6 (32. Qxf2 $11 {keeps the balance.} Bxf2 33. Rf1) 32... Qc5 $2 {[%mdl 8192] Loses the game.} (32... Rd8 $17 {stays on course.} 33. Qc6 Rxd1+ 34. Bxd1 Bd4 35. Qc8+ Ng8) 33. Bxf6 $18 gxf6 (33... Qxd6 $18 34. Rxd6 Bc7) 34. Qxf6+ {[%mdl 64] [#] Double Attack. White mates.} Kg8 35. Qxh6 {[%csl Gc2][%cal Rh6h7]} f5 36. Qg6+ Kh8 37. Rd7 {[%csl Gd7][%cal Rg6h7]} Qg1+ 38. Bd1 {Av CentiPawn Loss W=-35/B=-82. Weighted=-53/-139} 1-0

[Event "FISU World University-ch 2020-KO"]
[Site "Online"]
[Date "2020.10.26"]
[Round "1"]
[White "Dai, Changren"]
[Black "Livaic, Leon"]
[Result "1-0"]
[WhiteElo "2503"]
[BlackElo "2507"]
[Annotator "TA"]
[PlyCount "79"]
[EventDate "2020.10.26"]
[EventType "team-tourn"]
[SourceTitle "playchess.com"]
[Source "ChessBase"]
[SourceQuality "1"]

{[%evp 9,79,23,19,16,6,13,18,18,24,29,29,27,18,18,25,26,38,38,24,18,18,18,20,18,17,20,22,16,25,14,16,20,20,17,9,10,51,47,65,0,58,16,20,0,33,28,42,41,72,55,76,8,8,8,8,8,10,9,18,15,49,18,53,36,60,0,852,835,5834,5828,5616,4818]} 1. d4 Nf6 2. c4 e6 3. Nf3 d5 4. Nc3 dxc4 5. e4 Bb4 6. Bxc4 {D24: Queen's Gambit Accepted: 3 Nf3 Nf6 4 Nc3.} Nxe4 7. O-O Nf6 8. Qa4+ {The position is equal.} Nc6 9. Ne5 Bd6 10. Nxc6 bxc6 11. Qxc6+ Bd7 12. Qf3 Rb8 13. b3 h6 14. Bf4 {[#]} Bxf4 $146 ({Predecessor:} 14... O-O 15. Be5 Bc8 16. Rad1 Bb7 17. Qe2 Qe7 18. Rd3 Rbd8 19. Rg3 Kh8 20. Bd3 Bxe5 21. dxe5 {0-1 (41) Lopez,J (2390)-Meier,G (2621) chess.com INT 2019}) 15. Qxf4 Bc6 16. Rad1 {d5! is the strong threat.} O-O 17. Rfe1 Qd7 18. h3 Rfd8 19. Qe5 Rb6 20. Re3 Qd6 21. Qxd6 (21. Red3 {keeps more tension.} Kf8 22. Qa5 Re8 23. R3d2 Kg8 24. Qe5) 21... Rxd6 22. Re5 Kf8 23. Ra5 Rb7 24. Bb5 (24. f3 $14) 24... Ke7 ({Black should play} 24... Bxb5 $11 25. Rxb5 Rxb5 26. Nxb5 Ra6) 25. Bxc6 Rxc6 26. Na4 Nd7 27. d5 Rd6 28. Re1 e5 29. f4 f6 30. Nc5 (30. fxe5 $16 Nxe5 31. Nc5) 30... Nxc5 $11 31. Rxc5 {[%mdl 4096] Endgame KRR-KRR} Ra6 32. fxe5 Rxa2 33. e6 Rd2 34. Re3 f5 35. h4 (35. Rec3 $5 {[%cal Rc5c7]}) 35... f4 36. Rec3 Kd6 37. h5 (37. Kf1 $14) 37... Rxd5 $2 {[%mdl 8192]} (37... Rxb3 $11 38. Rc6+ (38. Rxb3 Kxc5 39. Rc3+ Kd6 $15) 38... Kxd5 39. R6c5+ Kd6 40. Rc6+ Kd5 41. R6c5+ Kd6 42. Rc6+ Kd5) 38. Rxd5+ $18 {White is clearly winning.} Kxd5 39. e7 Rb8 {[#]} 40. Rd3+ $1 {Av CentiPawn Loss W=-33/B=-59. Weighted=-40/-73} 1-0

[Event "FISU World University-ch 2020-KO"]
[Site "Online"]
[Date "2020.10.26"]
[Round "1"]
[White "Makhnev, Denis"]
[Black "Bilguun, Sumiya"]
[Result "1-0"]
[WhiteElo "2486"]
[BlackElo "2454"]
[Annotator "RC"]
[PlyCount "105"]
[EventDate "2020.10.26"]
[EventType "team-tourn"]
[SourceTitle "playchess.com"]
[Source "ChessBase"]
[SourceQuality "1"]
[TimeControl "900+10"]

1. Nf3 {[%emt 0:00:00]} d5 {[%emt 0:00:04]} 2. g3 {[%emt 0:00:02]} e6 {[%emt 0:00:03]} 3. Bg2 {[%emt 0:00:03]} Nf6 {[%emt 0:00:02]} 4. d4 {[%emt 0:00:13]} Be7 {[%emt 0:00:03]} 5. O-O {[%emt 0:00:02]} O-O {[%emt 0:00:30]} 6. c4 {[%emt 0:00:02]} dxc4 {[%emt 0:00:10]} 7. Qc2 {[%emt 0:00:02]} a6 {[%emt 0:00:04]} 8. a4 {[%emt 0:00:02]} Bd7 {[%emt 0:00:04]} 9. Qxc4 {[%emt 0:00:02]} Bc6 {[%emt 0:00:04]} 10. Bf4 {[%emt 0:00:02]} a5 {[%emt 0:00:07]} 11. Nc3 {[%emt 0:00:03]} Na6 {[%emt 0:00:07]} 12. Rac1 {[%emt 0:00:48]} Bxf3 {[%emt 0:01:05]} 13. Bxf3 {[%emt 0:00:06]} c6 {[%emt 0:00:04]} 14. Qb3 {[%emt 0:01:02]} Nb4 {[%emt 0:00:04]} 15. Rfd1 {[%emt 0:00:03]} Qb6 {[%emt 0:02:33]} 16. e4 {[%emt 0:01:26]} Rfd8 {[%emt 0:01:05]} 17. Be3 {[%emt 0:01:24]} Nbd5 {[%emt 0:02:29]} 18. Qxb6 {[%emt 0:00:04]} Nxb6 {[%emt 0:00:03]} 19. b3 {[%emt 0:00:02]} Ba3 {[%emt 0:01:13]} 20. Rc2 {[%emt 0:00:04]} Nbd7 {[%emt 0:00:36]} 21. Nb1 {[%emt 0:02:33]} Bb4 {[%emt 0:00:25]} 22. Nd2 {[%emt 0:00:03]} Ne8 {[%emt 0:03:30]} 23. Nc4 {[%emt 0:02:31]} Nd6 {[%emt 0:00:22]} 24. Nxd6 {[%emt 0:00:14]} Bxd6 {[%emt 0:00:03]} 25. d5 {[%emt 0:00:01]} exd5 {[%emt 0:00:51]} 26. exd5 {[%emt 0:00:04]} c5 {[%emt 0:00:01]} 27. Be2 {[%emt 0:01:05]} h6 {[%emt 0:00:10]} 28. Bb5 {[%emt 0:00:10]} Rac8 {[%emt 0:02:31]} 29. Bd2 {[%emt 0:00:36]} Ra8 {[%emt 0:00:04]} 30. Bc3 {[%emt 0:00:53]} Nf6 {[%emt 0:00:12]} 31. Re2 {[%emt 0:00:51]} Bf8 {[%emt 0:00:31]} 32. Bxf6 {[%emt 0:01:07]} gxf6 {[%emt 0:00:04]} 33. Kg2 {[%emt 0:00:01]} Bd6 {[%emt 0:00:16]} 34. f4 {[%emt 0:00:12]} Kg7 {[%emt 0:00:25]} 35. Kf3 {[%emt 0:00:09]} f5 {[%emt 0:00:03]} 36. Bd3 {[%emt 0:01:15]} Kf6 {[%emt 0:00:03]} 37. Rde1 {[%emt 0:00:01]} Rab8 {[%emt 0:00:41]} 38. h4 {[%emt 0:00:51]} Ra8 {[%emt 0:00:14]} 39. Re5 {[%emt 0:00:15]} Bxe5 {[%emt 0:00:03]} 40. fxe5+ {[%emt 0:00:01]} Kg7 {[%emt 0:00:09]} 41. d6 {[%emt 0:00:24]} f6 {[%emt 0:00:16]} 42. e6 {[%emt 0:00:01]} Rxd6 {[%emt 0:00:13]} 43. Bb5 {[%emt 0:00:02]} Rb6 {[%emt 0:00:15]} 44. Kf4 {[%emt 0:00:35]} Rxb5 {[%emt 0:00:10]} 45. axb5 {[%emt 0:00:02]} Kf8 {[%emt 0:00:01]} 46. Kxf5 {[%emt 0:00:55]} Ke7 {[%emt 0:00:19]} 47. Rd1 {[%emt 0:00:02]} Rd8 {[%emt 0:00:10]} 48. Rxd8 {[%emt 0:00:01]} Kxd8 {[%emt 0:00:02]} 49. Kxf6 {[%emt 0:00:01]} Ke8 {[%emt 0:00:03]} 50. g4 {[%emt 0:01:00]} c4 {[%emt 0:00:03]} 51. g5 {[%emt 0:00:03]} hxg5 {[%emt 0:00:03]} 52. hxg5 {[%emt 0:00:13]} cxb3 {[%emt 0:00:11]} 53. g6 {[%emt 0:00:01]} 1-0

[Event "FISU World University-ch 2020-KO"]
[Site "Online"]
[Date "2020.10.26"]
[Round "1"]
[White "Radovanovic, Mihajlo"]
[Black "Terbe, Zsuzsanna"]
[Result "1-0"]
[WhiteElo "2457"]
[BlackElo "2198"]
[Annotator "TA"]
[PlyCount "73"]
[EventDate "2020.10.26"]
[EventType "team-tourn"]
[SourceTitle "playchess.com"]
[Source "ChessBase"]
[SourceQuality "1"]

{[%evp 13,73,-3,16,-3,0,0,0,0,0,-7,4,-3,8,-6,0,8,19,15,22,29,31,21,16,0,7,0,0,0,16,20,24,21,107,92,128,109,123,123,148,80,263,265,250,265,418,419,418,388,386,375,366,344,581,500,485,489,487,487,557,550,519,514]} 1. Nf3 d5 2. g3 Bg4 3. Bg2 e6 4. c4 c6 5. cxd5 exd5 6. O-O Nf6 7. d3 Be7 8. Qb3 {A11: English Opening: 1...c6.} Qb6 9. Be3 Qxb3 10. axb3 {The position is equal.} a6 {[#]} 11. Na3 $146 ({Predecessor:} 11. Nc3 Nbd7 12. Nh4 Nc5 13. h3 Bd7 14. b4 Nb3 15. Ra3 d4 16. Bg5 Be6 17. Na2 {1-0 (51) Kettner,J-Meyer,F Muenster 1987}) 11... Nbd7 12. Nc2 O-O 13. b4 Rfe8 14. Nfd4 Bd6 15. h3 Bh5 16. g4 Bg6 17. f4 {f5 is the strong threat.} h6 $1 18. f5 Bh7 19. Bf4 $36 {[%mdl 2048] White has the initiative.} Bxf4 20. Rxf4 Ne5 21. Nb3 Re7 22. Ncd4 {[%cal Bc2d4,Bd4b5,Bb5c3][%mdl 32]} Ne8 (22... Rb8 $11 {remains equal.}) 23. b5 $1 $16 cxb5 24. Nxb5 Rd8 {[#]} 25. Nc3 $1 Nc7 26. Ra5 ({White should play} 26. Nc5) 26... Red7 $2 {This move loses the game for Black.} (26... Nc6 $16 {is a better defense.}) 27. Nc5 $1 $18 {[%csl LRb7,LRd7]} Nc6 28. Ra1 ({Don't play} 28. Nxd7 $6 Nxa5 29. Nb6 d4 $16) 28... d4 (28... Re7 $142 29. Nxb7 Rb8) 29. Nxd7 dxc3 30. Bxc6 cxb2 31. Rb1 bxc6 32. Rxb2 g5 $2 {[#]} (32... Bxf5 {was necessary.} 33. Nf6+ gxf6) 33. fxg6 {White is clearly winning.} Bxg6 34. Ne5 Nd5 35. Rc4 Re8 36. Nxg6 fxg6 37. Rxc6 {Av CentiPawn Loss W=-10/B=-27. Weighted=-8/-52} 1-0

[Event "FISU World University-ch 2020-KO"]
[Site "Online"]
[Date "2020.10.26"]
[Round "1"]
[White "Zarubitski, Viachaslau"]
[Black "Rubio Tent, Francisco"]
[Result "0-1"]
[WhiteElo "2442"]
[BlackElo "2357"]
[Annotator "TA"]
[PlyCount "108"]
[EventDate "2020.10.26"]
[EventType "team-tourn"]
[SourceTitle "playchess.com"]
[Source "ChessBase"]
[SourceQuality "1"]

{[%evp 16,108,14,14,32,19,26,0,26,0,0,4,8,0,16,-18,-22,-27,-8,-10,77,87,81,19,79,85,77,91,85,-27,-15,-8,-11,-58,-70,-82,-54,-100,-66,-102,-103,-185,-146,-119,-35,-163,-176,-304,-291,-286,-322,-319,-300,-345,-336,-307,-271,-270,-150,-150,-102,-95,-57,-64,-64,-126,-79,-79,-86,-77,-77,-78,-85,-152,-60,-66,0,-145,-112,-154,-187,-202,-236,-310,-211,-1832,-1754,-1528,-1009,-29984,-29985,-29985,-29986,-29995,-29996]} 1. Nf3 d5 2. b3 Nf6 3. Bb2 g6 4. g3 Bg7 5. Bg2 O-O 6. O-O Bg4 7. c4 c6 8. d3 Nbd7 9. Nbd2 a5 {A11: English Opening: 1...c6.} 10. a3 e6 11. Ne5 {[#]} Bh5 $146 {The position is equal.} ({Predecessor:} 11... Nxe5 12. Bxe5 g5 13. Nf3 h6 14. Qc2 Nd7 15. Bxg7 Kxg7 16. h3 Bxf3 17. Bxf3 Qf6 {½-½ (38) Zhao,X (2477)-Ju,W (2567) Huaian 2017}) 12. h3 {next Nxd7 is good for White.} Nxe5 13. Bxe5 {With the idea g4.} g5 $1 14. Nf3 h6 15. Qd2 Bxf3 16. exf3 dxc4 17. bxc4 Nd7 (17... Ne4 $11 {remains equal.} 18. fxe4 Bxe5) 18. Bxg7 $16 Kxg7 {[#]} 19. Rab1 ({White should try} 19. f4 $1 $16) 19... Rb8 (19... Qf6 $11) 20. f4 gxf4 21. Qxf4 Qf6 22. Qc7 (22. Qg4+ $16 Qg6 23. Qd4+ {[%mdl 64] Double Attack} Nf6 24. Rfd1) 22... Nc5 $11 23. Rbd1 Rbd8 24. Be4 a4 25. Qa5 Qd4 26. Bg2 Rd7 27. Qb4 Rfd8 28. Rd2 (28. Kh2 $17) 28... e5 ({Resist} 28... Nxd3 29. Qxa4 Qc3 30. Rc2 $17) 29. Rfd1 Kh8 (29... f5 $17) 30. Bf1 (30. Be4 $1 $15) 30... f5 $19 31. Qb2 (31. Be2 $142) 31... Nb3 32. Re2 Qxb2 33. Rxb2 e4 34. d4 Nxd4 {Hoping for ...Nf3+.} 35. Kg2 Kg7 36. Rb4 c5 (36... Ne6 $19 37. Rxd7+ Rxd7 38. Rxa4 Rd2) 37. Rxa4 $17 Kf6 38. Ra5 b6 39. Ra6 Rd6 40. a4 (40. Re1 $15) 40... Ke5 41. a5 bxa5 42. Rxa5 Ne6 $36 {[%mdl 2048] Keeping White busy.} 43. Rxd6 Rxd6 {[%mdl 4096] Endgame KRB-KRN} 44. Ra2 (44. f4+ $142 Kf6 45. Be2) 44... Nd4 ({Better is} 44... f4 $17 45. Kh2 fxg3+ 46. Kxg3 Nd4) 45. Ra5 $15 Ne6 (45... Rc6 $15) 46. Ra2 $1 $17 Rb6 47. Be2 Kd4 48. Rd2+ Kc3 49. Rd5 Nd4 50. Bf1 $2 (50. Bh5 Kxc4 51. Bf7) 50... Rb2 $19 51. Re5 Kd2 {aiming for ...Ke1.} 52. Kh1 {[#]} Ke1 $1 {[%mdl 576] Double Attack, Discovered Attack. Black mates.} 53. Bg2 Kxf2 54. g4 {[#]} Kg3 $1 {Av CentiPawn Loss W=-65/B=-29. Weighted=-63/-33} 0-1

[Event "FISU World University-ch 2020-KO"]
[Site "Online"]
[Date "2020.10.26"]
[Round "1"]
[White "Bakhmatsky, Vladislav"]
[Black "La Villa Rivas, Marlon Javier"]
[Result "1/2-1/2"]
[WhiteElo "2438"]
[BlackElo "2233"]
[Annotator "TA"]
[PlyCount "134"]
[EventDate "2020.10.26"]
[EventType "team-tourn"]
[SourceTitle "playchess.com"]
[Source "ChessBase"]
[SourceQuality "1"]

{[%evp 17,134,51,68,69,77,66,50,68,72,18,16,10,24,11,11,17,3,12,11,0,0,0,0,0,0,0,0,0,50,57,54,64,64,48,50,50,32,16,27,26,18,15,25,25,58,58,58,58,58,58,64,65,65,65,65,65,65,65,65,65,65,65,65,65,65,65,65,65,65,64,64,64,65,64,65,64,64,64,65,64,65,64,65,54,54,0,65,65,65,64,64,34,34,33,33,33,33,33,33,20,33,20,33,33,33,33,33,0,0,0,0,0,37,37,37,37,37,37,37]} 1. e4 c5 2. Nf3 Nc6 3. d4 cxd4 4. Nxd4 Nf6 5. Nc3 d6 6. Bg5 Bd7 7. Qd2 Rc8 8. f4 Nxd4 9. Qxd4 Qa5 10. e5 {B61: Sicilian: Richter-Rauzer: 6...Bd7 7 Qd2.} dxe5 11. fxe5 e6 $1 12. O-O-O Bc5 13. Qd2 ({White should play} 13. Qd3 $16 Nd5 14. Nxd5 exd5 15. Qxd5) 13... Nd5 $1 $11 14. Nxd5 Qxd2+ 15. Rxd2 {[#] Hoping for Ne3.} exd5 16. Rxd5 h6 $132 {[%mdl 2048] Black puts up resistance} 17. Bd2 Be6 18. Bb5+ Ke7 19. Rxc5 {[%mdl 64] [#] Remove Defender} Rxc5 20. Bb4 Rhc8 21. Rd1 a5 22. Ba3 {[#]} f6 $146 ({Predecessor:} 22... Bxa2 23. Bxc5+ Rxc5 24. Rd7+ Ke6 25. Rxb7 Bd5 26. Rb6+ Kxe5 27. g3 Ke4 28. b3 Ke3 {½-½ (56) Quparadze,G (2481)-Shanava,K (2543) Tbilisi 2016}) 23. exf6+ Kxf6 24. Bxc5 Rxc5 $14 {[%mdl 4096] Endgame KRB-KRB} 25. a4 Rh5 26. h3 Rg5 27. Rd2 Ke5 28. Re2+ Kd6 $1 29. Kd2 Bd5 30. g4 h5 31. gxh5 Rxh5 32. Re3 Be6 33. Rg3 Rxh3 34. Rxg7 Rh2+ 35. Kc3 Rh3+ 36. Bd3 Bd5 37. Rg6+ Kc5 38. Rg5 Kd6 39. b3 b6 40. Kb2 Rh2 41. Rg6+ Kc5 42. Rg7 Rg2 43. Rc7+ Kd6 44. Rc8 Rh2 45. Kc3 Rh4 46. Rd8+ Kc5 47. Rb8 Rf4 48. Kb2 Rf2 49. Ka3 Be6 50. Rb7 Rf7 51. Rb8 Rf2 52. Re8 Bd5 53. Rc8+ Kd6 54. b4 Rf4 55. bxa5 bxa5 56. Bb5 Rf3+ 57. Kb2 Rf2 58. Bd3 Rh2 59. Kc3 Rh4 60. Bb5 Rh3+ 61. Kd2 Rh2+ 62. Ke3 Rh3+ 63. Kf4 Rf3+ 64. Kg4 {Strongly threatening Rd8+.} Be6+ 65. Kxf3 {White is slightly better.} Bxc8 66. Ke4 Kc5 67. c3 Bb7+ {Av CentiPawn Loss W=-3/B=-3. Weighted=-2/-3} 1/2-1/2